LEADER 01092nam--2200349---450- 001 990002856720203316 005 20091113092213.0 010 $a978-156-475-X 035 $a000285672 035 $aUSA01000285672 035 $a(ALEPH)000285672USA01 035 $a000285672 100 $a20070118d2001----km-y0itay50------ba 101 $aeng 102 $aNG 105 $a||||||||001yy 200 1 $aGlobalisation, post-neodependency and poverty in Africa$fDaniel A. Offiong 210 $aEnugu$cFourth Dimension$d2001 215 $aIX, 261 p.$d24 cm 410 0$12001 607 $aAfrica$xRelazioni economiche internazionali 676 $a337.16 700 1$aOFFIONG,$bDaniel A.$0595620 801 0$aIT$bsalbc$gISBD 912 $a990002856720203316 951 $aXXIII.1.N. 401 (IG VIII 30 ING 621)$b52026 G.$cXXIII.1.N. 401 (IG VIII 30 ING)$d00119723 959 $aBK 969 $aGIU 979 $aIANNONE$b90$c20070118$lUSA01$h0904 979 $aRSIAV2$b90$c20091113$lUSA01$h0922 996 $aGlobalisation, post-neodependency and poverty in Africa$9991912 997 $aUNISA LEADER 02179nas 2200769-a 450 001 996335944203316 005 20220721213019.0 011 $a1938-5404 035 $a(DE-599)ZDB2135113-2 035 $a(OCoLC)47723402 035 $a(CKB)954925437497 035 $a(CONSER)--2006237054 035 $a(EXLCZ)99954925437497 100 $a20010806a19549999 s-- a 101 0 $aeng 135 $aurmnu|||||||| 181 $ctxt$2rdacontent 182 $cc$2rdamedia 183 $acr$2rdacarrier 200 10$aRadiation research 210 $aNew York, N.Y. $cAcademic Press$d1954- 300 $aRefereed/Peer-reviewed 300 $aPlace of publication varies. 300 $aPublished: Oak Brook, Ill. : Radiation Research Society, Aug. 1991- 311 $a0033-7587 531 $aRADIAT RES 531 $aRADIATION RESEARCH AN INTERNATIONAL JOURNAL 531 $aRADIAT. RES 531 0 $aRadiat. res. 606 $aRadioactivity$vPeriodicals 606 $aRadiation$vPeriodicals 606 $aRadioactivity 606 $aRadiobiology 606 $aRadioactivity 606 $aRadiation 606 $aRadiobiology 606 $aRadioactivité$vPériodiques 606 $aRayonnement$vPériodiques 606 $aRadioactivité 606 $aRadiobiologie 606 $aradioactivity$2aat 606 $aRadiobiology$2fast$3(OCoLC)fst01088040 606 $aRadiation$2fast$3(OCoLC)fst01086839 606 $aRadioactivity$2fast$3(OCoLC)fst01088014 608 $aPeriodical 608 $aPeriodicals.$2fast 615 0$aRadioactivity 615 0$aRadiation 615 0$aRadioactivity. 615 0$aRadiobiology. 615 2$aRadioactivity 615 2$aRadiation 615 2$aRadiobiology 615 6$aRadioactivité 615 6$aRayonnement 615 6$aRadioactivité. 615 6$aRadiobiologie. 615 7$aradioactivity. 615 7$aRadiobiology. 615 7$aRadiation. 615 7$aRadioactivity. 676 $a539.7 712 02$aRadiation Research Society (U.S.) 906 $aJOURNAL 912 $a996335944203316 996 $aRadiation research$9790426 997 $aUNISA LEADER 01125nam a22003011i 4500 001 991000671649707536 005 20021125171532.0 008 021023s1962 it |||||||||||||||||ita 035 $ab12038349-39ule_inst 035 $aARCHE-012814$9ExL 040 $aDip.to Filologia Ling. e Lett.$bita$cA.t.i. Arché s.c.r.l. Pandora Sicilia s.r.l. 082 04$a808.3 100 1 $aHowe, Irving$0127610 245 10$aPolitica e romanzo /$cIrving Howe 260 $aMilano :$bLerici,$c[1962] 300 $a267 p. ;$c22 cm 490 0 $aSaggi [Lerici] 500 $aTrad. Giulio De Angelis. 650 4$aRomanzo$ySec. 19.-20. 700 1 $aDe Angelis, Giulio 765 0 $tPolitics and the novel 907 $a.b12038349$b28-04-17$c01-04-03 912 $a991000671649707536 945 $aLE008 LLI.S III D 25$g2$i2008000268008$lle008$o-$pE0.00$q-$rl$s- $t0$u1$v1$w1$x0$y.i12330255$z01-04-03 945 $aLE008 FL.M. II B 51$g1$iLE008IFM-750$lle008$o-$pE0.00$q-$rl$s- $t0$u0$v0$w0$x0$y.i12330267$z01-04-03 996 $aPolitica e romanzo$9141805 997 $aUNISALENTO 998 $ale008$b01-04-03$cm$da $e-$fita$git $h0$i2